Score 0/33 Timer 05:00
0 Plays Today
Event % Correct
Duel
88.4%
Hang Tough
82.6%
Powerball
80.2%
The Wall
77.9%
Gauntlet
76.7%
Danger Zone
75.6%
Atlaspheres
73.3%
Joust
73.3%
Eliminator
69.8%
Pyramid
68.6%
Swingshot
67.4%
Pursuit
62.8%
Dogfight
61.6%
Hit and Run
59.3%
Skytrak
59.3%
Pole-Axe
58.1%
Tilt
58.1%
Event % Correct
Suspension Bridge
57%
Pendulum
55.8%
Whiplash
55.8%
Breakthrough and Conquer
53.5%
Vertigo
53.5%
Sumo Ball
51.2%
Earthquake
50%
Catapult
47.7%
Tightrope
43%
Rocketball
39.5%
Snap Back
39.5%
The Maze
37.2%
Human Cannonball
33.7%
Sideswipe
31.4%
Soccer Shoot-Out
23.3%
Spidercage
22.1%
Remove Ads.
Support Sporcle.
Get the best of Sporcle when you Go Orange. This ad-free experience offers more features, more stats, and more fun while also helping to support Sporcle. Thank you for becoming a member.

You're not logged in!

Compare scores with friends on all Sporcle quizzes.
OR
Log In

Show Comments

Extras

Created Nov 2, 2010SourceReportNominate
Tags:Event, gladiator, Ready

Top Quizzes Today


Score Distribution

Your Account Isn't Verified!

In order to create a playlist on Sporcle, you need to verify the email address you used during registration. Go to your Sporcle Settings to finish the process.

Report this User

Report this user for behavior that violates our Community Guidelines.

Details: